| 000 | 00400nam a2200169Ia 4500 | ||
|---|---|---|---|
| 008 | 230524s9999 xx 000 0 und d | ||
| 082 |
_a4 _bDAS |
||
| 100 | _aD.Ghosh Dastidar | ||
| 245 | 0 | _aComputer and Computation | |
| 250 | _a1ST | ||
| 260 |
_aNEW DELHI _bPHI _c2002 |
||
| 300 | _aVII;214 | ||
| 500 | _aQuantity Number: 2 | ||
| 650 | _aComp-Sc | ||
| 700 | _a S.K.Chottopadhyay | ||
| 942 | _cBK | ||
| 999 |
_c33566 _d33566 |
||